000 00654nam a22002297a 4500
003 UA-OsUOA
001 104301
007 ta
008 20131211b un ||||| |||| 00| 0 ukr d
100 _aМельникова Е. А.
090 _a94(410.1)
_bМ48
942 _cBK
040 _aUA-OsUOA
_brus
_cUA-OsUOA
_dUA-OsUOA
245 _aМеч и Лира
_bанглосаксонское общество в истории и эпосе
300 _a203 с.
955 _a2
041 _arus
080 _a94(410.1)
260 _aМ.
_bМысль
_c1987
650 7 _a9 Географія. Біографії. Історія
_2UDC
999 _c389610
_d389610